|
|
|
|
| LEADER |
03985nam a2200877 i 4500 |
| 001 |
nkc20203245529 |
| 003 |
CZ PrNK |
| 005 |
20230123133044.0 |
| 007 |
ta |
| 008 |
200907s2020 xr aeh f 001 0 cze |
| 015 |
|
|
|a cnb003245529
|
| 020 |
|
|
|a 978-80-88308-23-2
|q (brožováno)
|
| 035 |
|
|
|a (OCoLC)1267679837
|
| 040 |
|
|
|a BOA001
|b cze
|d ABA001
|e rda
|
| 041 |
1 |
|
|a cze
|a eng
|h cze
|
| 043 |
|
|
|a e-xr---
|
| 045 |
|
|
|a w-w-
|
| 072 |
|
7 |
|a 72
|x Architektura
|2 Konspekt
|9 21
|
| 080 |
|
|
|a 72(437.3)
|2 MRF
|
| 080 |
|
|
|a 69.01/.03
|2 MRF
|
| 080 |
|
|
|a 72:316.72/75
|2 MRF
|
| 080 |
|
|
|a 72/76:32
|2 MRF
|
| 080 |
|
|
|a 72/76:316.75
|2 MRF
|
| 080 |
|
|
|a 316.347
|2 MRF
|
| 080 |
|
|
|a 316.344.8(=162.3)
|2 MRF
|
| 080 |
|
|
|a 323
|2 MRF
|
| 080 |
|
|
|a (437.3)
|2 MRF
|
| 080 |
|
|
|a (048.8:082)
|2 MRF
|
| 100 |
1 |
|
|a Galeta, Jan,
|d 1982-
|7 xx0072549
|4 aut
|
| 245 |
1 |
0 |
|a Síla i budoucnost jest národu národnost =
|b The stregth and future of the nation is national identity /
|c texty: Jan Galeta, Michaela Janečková, Jindřich Vybíral ; překlad: Stephan von Pohl, Becka McFadden
|
| 246 |
1 |
|
|i Správný souběžný název:
|a Strength and future of the nation is national identity
|
| 250 |
|
|
|a Vydání první
|
| 264 |
|
1 |
|a V Praze :
|b Vysoká škola uměleckoprůmyslová,
|c 2020
|
| 300 |
|
|
|a 639 stran :
|b ilustrace (některé barevné), plány, faksimile ;
|c 22 cm
|
| 336 |
|
|
|a text
|b txt
|2 rdacontent
|
| 337 |
|
|
|a bez média
|b n
|2 rdamedia
|
| 338 |
|
|
|a svazek
|b nc
|2 rdacarrier
|
| 490 |
1 |
|
|a Architektura a česká politika v 19. století =
|a Architecture and Czech politics in the 19th century ;
|v 1
|
| 500 |
|
|
|a Na hřbetu označení: 1800-1914
|
| 500 |
|
|
|a Doprovodná publikace ke stejnojmenné výstavě konané od 16. října 2020 do 6. února 2021 v Galerii UM
|
| 504 |
|
|
|a Obsahuje bibliografii, bibliografické odkazy a rejstřík
|
| 546 |
|
|
|a Souběžný anglický text
|
| 648 |
|
7 |
|a 19. století
|7 ch460557
|2 czenas
|
| 650 |
0 |
7 |
|a česká architektura
|7 ph128102
|y 19. století
|2 czenas
|
| 650 |
0 |
7 |
|a stavby
|7 ph116274
|z Česko
|y 19. století
|2 czenas
|
| 650 |
0 |
7 |
|a architektura a společnost
|7 ph166048
|z Česko
|y 19. století
|2 czenas
|
| 650 |
0 |
7 |
|a umění a politika
|7 ph126925
|z Česko
|y 19. století
|2 czenas
|
| 650 |
0 |
7 |
|a umění a ideologie
|7 ph493974
|z Česko
|y 19. století
|2 czenas
|
| 650 |
0 |
7 |
|a národní identita
|7 ph117245
|z Česko
|y 19. století
|2 czenas
|
| 650 |
0 |
7 |
|a češství
|7 ph121123
|y 19. století
|2 czenas
|
| 650 |
0 |
9 |
|a Czech architecture
|y 19th century
|2 eczenas
|
| 650 |
0 |
9 |
|a buildings
|z Czechia
|y 19th century
|2 eczenas
|
| 650 |
0 |
9 |
|a architecture and society
|z Czechia
|y 19th century
|2 eczenas
|
| 650 |
0 |
9 |
|a art and politics
|z Czechia
|y 19th century
|2 eczenas
|
| 650 |
0 |
9 |
|a art and ideology
|z Czechia
|y 19th century
|2 eczenas
|
| 650 |
0 |
9 |
|a national identity
|z Czechia
|y 19th century
|2 eczenas
|
| 650 |
0 |
9 |
|a Czech identity
|y 19th century
|2 eczenas
|
| 651 |
|
7 |
|a Česko
|7 ge128065
|x společnost a politika
|y 19. století
|2 czenas
|
| 651 |
|
9 |
|a Czechia
|x society and politics
|y 19th century
|2 eczenas
|
| 655 |
|
7 |
|a kolektivní monografie
|7 fd501537
|2 czenas
|
| 655 |
|
9 |
|a collective monographs
|2 eczenas
|
| 700 |
1 |
|
|a Janečková, Michaela,
|d 1982-
|7 jo2015863283
|4 aut
|
| 700 |
1 |
|
|a Vybíral, Jindřich,
|d 1960-
|7 jn19990216185
|4 aut
|4 edt
|
| 700 |
1 |
|
|a Pohl, Stephan von,
|d 1971-
|7 xx0089596
|4 trl
|
| 700 |
1 |
|
|a McFadden, Becka,
|d 1981-
|7 xx0259272
|4 trl
|
| 700 |
1 |
2 |
|a Galeta, Jan,
|d 1982-
|t Síla i budoucnost jest národu národnost
|
| 700 |
1 |
2 |
|a Galeta, Jan,
|d 1982-
|t Síla i budoucnost jest národu národnost.
|l Anglicky
|
| 710 |
2 |
|
|a Galerie UM (Praha, Česko)
|7 ko2018985372
|4 orm
|
| 830 |
|
0 |
|a Architektura a česká politika
|0 s
|
| 910 |
2 |
|
|a BOA001
|b 2-1469.234
|
| 928 |
9 |
|
|a UMPRUM
|
| 990 |
|
|
|a BK
|
| 995 |
|
|
|a 01
|
| 991 |
|
|
|b 202107
|c NOV
|
| 996 |
6 |
|
|b 2610871338
|c 2-1469.234
|l MZK
|r Sklad / do 1 hodiny
|n 0
|p p.v.
|w 001856952
|u 000010
|a 1
|e BOA001
|j MZK50
|s P
|
| 996 |
7 |
|
|b 2610874094
|c 2-1469.234
|l MZK
|r Sklad / do 1 hodiny
|n 3
|p kup
|w 001856952
|u 000020
|a 1
|e BOA001
|j MZK50
|s A
|